[Event "POLFINAL MISTRZOSTW POLSKI JUNIOROW 2016 - C13"]
[Site "Centrum Kongresow i Rekreacji Orle Gniazdo ul. Wrzosowa 28a, Szczyrk"]
[Date "1899-12-30"]
[Round "5.3"]
[White "Distel, Pawel"]
[Black "Kulesza, Andrzej"]
[Result "0-1"]
[WhiteTitle "II"]
[BlackTitle "I"]
[WhiteElo "1471"]
[BlackElo "1667"]

1. e4 c5 2. Nc3 d6 3. Nf3 Nf6 4. d4 cxd4 5. Nxd4 a6 6. Be2 e6 7. O-O Be7 8. a4
O-O 9. Be3 Nc6 10. f4 Qc7 11. Kh1 Rd8 12. Bd3 e5 13. fxe5 dxe5 14. Nf5 Bxf5 15.
Rxf5 Nd4 16. Rg5 Ne6 17. Rf5 Rac8 18. Qf3 Nd4 19. Bxd4 exd4 20. Nd5 Nxd5 21. exd5
Bd6 22. Rf1 Rf8 23. Rh5 g6 24. Rh4 Be5 25. Qh3 f5 26. g4 Bf6 27. g5 Bxg5 28. Rxd4
Qe5 29. c3 Rcd8 30. Qg3 f4 31. Qf3 Rd6 32. Re4 Qf6 33. Bc4 Qd8 34. Re6 Kh8 35.
Qe2 Rxe6 36. dxe6 Qc7 37. Qe4 Qe7 38. Rd1 Re8 39. Qd4+ Qf6 40. Qxf6+ Bxf6 41.
Kg2 Kg7 42. Kf3 g5 43. h4 h6 44. h5 Rd8 45. Rxd8 Bxd8 46. Bd5 b6 47. b3 Kf6 48.
c4 Kf5 49. b4 Be7 50. b5 g4+ 51. Kf2 a5 52. Bb7 Kg5 53. Bc6 Kxh5 54. Be8+ Kg5
55. Bf7 h5 0-1

[Event "POLFINAL MISTRZOSTW POLSKI JUNIOROW 2016 - C13"]
[Site "Centrum Kongresow i Rekreacji Orle Gniazdo ul. Wrzosowa 28a, Szczyrk"]
[Date "1899-12-30"]
[Round "5.4"]
[White "Czarnomski, Dominik"]
[Black "Wolaniecki, Patryk"]
[Result "0-1"]
[WhiteTitle "II"]
[BlackTitle "I"]
[WhiteElo "1357"]
[BlackElo "1653"]

1. e4 c5 2. Nc3 e6 3. Nf3 Nf6 4. d4 cxd4 5. Nxd4 Bb4 6. e5 Nd5 7. Ndb5 Qa5 8. Bd2
Nxc3 9. bxc3 Bc5 10. Rb1 O-O 11. Bd3 Nc6 12. Qh5 g6 13. Qg5 Be7 14. Qg3 a6 15.
Nd4 Qxe5+ 16. Qxe5 Nxe5 17. Bf4 Nxd3+ 18. cxd3 d6 19. Nb3 e5 20. Be3 b5 21. Na5
Be6 22. Nb3 Rfc8 23. Kd2 Bd5 24. f3 f5 25. Rhe1 Bf6 26. Rbc1 g5 27. Bf2 Rc7 28.
Rc2 Kf7 29. Rh1 h5 30. h4 g4 31. fxg4 hxg4 32. Rg1 Rac8 33. Bb6 Rc6 34. Bf2 e4
35. d4 f4 36. Na5 R6c7 37. Be1 e3+ 38. Ke2 Bxd4 39. Kd3 Bb6 40. Nb3 Re7 41. Rf1
Bc4# 0-1

[Event "POLFINAL MISTRZOSTW POLSKI JUNIOROW 2016 - C13"]
[Site "Centrum Kongresow i Rekreacji Orle Gniazdo ul. Wrzosowa 28a, Szczyrk"]
[Date "1899-12-30"]
[Round "5.5"]
[White "Musiala, Jakub"]
[Black "Bartoszewski-reiski, Olaf"]
[Result "0-1"]
[WhiteTitle "II+"]
[BlackTitle "II"]
[WhiteElo "1590"]
[BlackElo "1512"]

1. e4 c5 2. Nc3 Nc6 3. f4 g6 4. Nf3 Bg7 5. d3 e6 6. g3 Nge7 7. Bg2 O-O 8. O-O d6
9. h3 Bd7 10. Qe1 Rc8 11. g4 f5 12. Qh4 Nd4 13. Qf2 Nec6 14. a3 b5 15. exf5 exf5
16. Ng5 Re8 17. Bd5+ Be6 18. Nxe6 Nxe6 19. Re1 Qd7 20. Nxb5 Kh8 21. Bxe6 Rxe6
22. Be3 Rce8 23. c3 a6 24. d4 Re4 25. Nxd6 Qxd6 26. dxc5 Qe7 27. Bd2 Re2 28. Rxe2
Qxe2 29. Re1 Qxf2+ 30. Kxf2 Rxe1 31. Kxe1 Kg8 32. Ke2 Kf7 33. b4 Ke6 34. g5 Bf8
35. a4 Kd5 36. Kd3 Nb8 37. Be3 Kc6 38. c4 Nd7 39. b5+ Kc7 40. c6 Nc5+ 41. Bxc5
Bxc5 42. a5 Bb4 43. bxa6 Kxc6 44. Kd4 Bxa5 45. c5 Bc7 46. a7 Kb7 47. Kd5 Kxa7
48. Kc6 Bxf4 49. Kd7 Bxg5 50. c6 Bf4 0-1

[Event "POLFINAL MISTRZOSTW POLSKI JUNIOROW 2016 - C13"]
[Site "Centrum Kongresow i Rekreacji Orle Gniazdo ul. Wrzosowa 28a, Szczyrk"]
[Date "1899-12-30"]
[Round "5.6"]
[White "Bien, Hubert"]
[Black "Zabron, Maksym"]
[Result "0-1"]
[WhiteTitle "II"]
[BlackTitle "II+"]
[WhiteElo "1408"]
[BlackElo "1532"]

1. d4 Nf6 2. c4 c5 3. d5 b5 4. cxb5 a6 5. b6 d6 6. Nc3 Qxb6 7. e4 g6 8. Nf3 Bg7
9. Be2 O-O 10. O-O Nbd7 11. Qc2 h6 12. Be3 Ng4 13. Bd2 Nge5 14. Kh1 Nxf3 15. Bxf3
a5 16. Bg4 Ne5 17. Bxc8 Rfxc8 18. Rac1 Qa6 19. Be3 Rcb8 20. b3 Nd3 21. Rcd1 Nb4
22. Qd2 Kh7 23. a3 Qd3 24. axb4 Qxc3 25. Qxc3 Bxc3 26. bxc5 Rxb3 27. cxd6 exd6
28. Bf4 Ra6 29. Bd2 Bb2 30. Bxa5 Rxa5 31. Rb1 Rab5 32. f3 Bg7 33. Rbc1 Rc3 34.
Rcd1 Rc2 35. Rg1 Rbb2 36. Rd3 Rd2 37. Rxd2 Rxd2 38. h3 Be5 39. Rb1 Kg7 40. Rf1
g5 41. Rb1 Kg6 42. Kg1 Kh5 43. Kf1 Kh4 44. Re1 Kg3 0-1

[Event "POLFINAL MISTRZOSTW POLSKI JUNIOROW 2016 - C13"]
[Site "Centrum Kongresow i Rekreacji Orle Gniazdo ul. Wrzosowa 28a, Szczyrk"]
[Date "1899-12-30"]
[Round "5.7"]
[White "Panek, Bartosz"]
[Black "Jaszczuk, Mateusz"]
[Result "1/2-1/2"]
[WhiteTitle "II+"]
[BlackTitle "II"]
[WhiteElo "1460"]
[BlackElo "1382"]

1. d4 d5 2. c4 c6 3. Nc3 e6 4. e4 dxe4 5. Nxe4 Nf6 6. Nxf6+ Qxf6 7. Nf3 Bb4+ 8.
Bd2 Bxd2+ 9. Qxd2 O-O 10. Bd3 Nd7 11. O-O e5 12. dxe5 Nxe5 13. Nxe5 Qxe5 14. Rfe1
Qf6 15. Re3 g6 16. Qc2 Be6 17. Rf3 Qd4 18. Re1 Rad8 19. h3 Rd7 20. Kh2 Rfd8 21.
Re4 Qc5 22. Ree3 Rd4 23. b3 Qd6+ 24. Rg3 Qf4 25. Ref3 Qe5 26. Re3 Qf4 27. Ref3
Qe5 28. Re3 Qf4 29. Ref3 1/2-1/2

[Event "POLFINAL MISTRZOSTW POLSKI JUNIOROW 2016 - C13"]
[Site "Centrum Kongresow i Rekreacji Orle Gniazdo ul. Wrzosowa 28a, Szczyrk"]
[Date "1899-12-30"]
[Round "5.8"]
[White "Wangrat, Jan"]
[Black "Markiewicz, Krzysztof"]
[Result "0-1"]
[WhiteTitle "II"]
[BlackTitle "II"]
[WhiteElo "1373"]
[BlackElo "1430"]

1. e4 c5 2. Nf3 d6 3. d4 cxd4 4. Nxd4 Nf6 5. Nc3 g6 6. Be3 Bg7 7. Bc4 O-O 8. f3
a6 9. Qd2 b5 10. Bb3 Bb7 11. O-O Nbd7 12. a4 b4 13. Nd5 Nxd5 14. Bxd5 Bxd5 15.
exd5 a5 16. Bg5 Qb6 17. Be3 Qb7 18. Nc6 Ne5 19. Nxe5 Bxe5 20. c3 bxc3 21. bxc3
Rfc8 22. Ra3 Rc4 23. Rc1 Rac8 24. Bf2 Bf4 25. Be3 Bxe3+ 26. Qxe3 Qb2 27. Raa1
Rxc3 28. Rcb1 Qxb1+ 0-1

[Event "POLFINAL MISTRZOSTW POLSKI JUNIOROW 2016 - C13"]
[Site "Centrum Kongresow i Rekreacji Orle Gniazdo ul. Wrzosowa 28a, Szczyrk"]
[Date "1899-12-30"]
[Round "5.9"]
[White "Skowron, Mateusz"]
[Black "Trybus, Daniel"]
[Result "0-1"]
[WhiteTitle "I"]
[BlackTitle "II+"]
[WhiteElo "1565"]
[BlackElo "1495"]

1. e4 d5 2. exd5 Qxd5 3. Nc3 Qd6 4. d4 Nf6 5. Nf3 a6 6. g3 Bg4 7. Bg2 e6 8. O-O
Nc6 9. Be3 h5 10. h3 Bf5 11. a3 O-O-O 12. Qe2 Nd5 13. Nxd5 exd5 14. Rfe1 Qd7 15.
Kh2 Bd6 16. Nh4 Be6 17. Qf1 Rdg8 18. Kh1 g5 19. Nf3 g4 20. Ng5 h4 21. Nxe6 fxe6
22. gxh4 gxh3 23. Bxh3 Rxh4 24. f4 Qh7 25. Kh2 Rh8 26. c4 Rxh3+ 27. Kg2 Rh2+ 28.
Kf3 Qh5+ 29. Kg3 Rg8# 0-1

[Event "POLFINAL MISTRZOSTW POLSKI JUNIOROW 2016 - C13"]
[Site "Centrum Kongresow i Rekreacji Orle Gniazdo ul. Wrzosowa 28a, Szczyrk"]
[Date "1899-12-30"]
[Round "5.10"]
[White "Kania, Dominik"]
[Black "Olsztynski, Jan"]
[Result "1-0"]
[WhiteTitle "II"]
[BlackTitle "III"]
[WhiteElo "1373"]
[BlackElo "1122"]

1. d4 d5 2. c4 c6 3. Nc3 Nf6 4. cxd5 cxd5 5. Nf3 Nc6 6. Bf4 a6 7. e3 Bf5 8. Bd3
Be4 9. Bxe4 dxe4 10. Nd2 Nd5 11. Bg3 e6 12. Ndxe4 Bb4 13. O-O f5 14. Nxd5 Qxd5
15. Qh5+ Kf8 16. Nc3 Bxc3 17. bxc3 Qc4 18. Rab1 Ra7 19. Bd6+ Ne7 20. Bc5 Ra8 21.
Rxb7 Re8 22. Bxe7+ Rxe7 23. Rb8+ Re8 24. Rxe8# 1-0

[Event "POLFINAL MISTRZOSTW POLSKI JUNIOROW 2016 - C13"]
[Site "Centrum Kongresow i Rekreacji Orle Gniazdo ul. Wrzosowa 28a, Szczyrk"]
[Date "1899-12-30"]
[Round "5.11"]
[White "Smolen, Sebastian"]
[Black "Kalkowski, Igor"]
[Result "0-1"]
[WhiteTitle "II"]
[BlackTitle "II"]
[WhiteElo "1292"]
[BlackElo "1348"]

1. b4 d5 2. Bb2 Nf6 3. e3 Bf5 4. a3 Nbd7 5. c4 c6 6. c5 e5 7. Nf3 Qc7 8. Be2 Be7
9. d4 e4 10. Nfd2 O-O 11. O-O Bg6 12. f4 exf3 13. Nxf3 Ne4 14. Nc3 Ndf6 15. Ne5
Nxc3 16. Bxc3 Ne4 17. Be1 Bf6 18. Nd3 Bg5 19. Nf4 Bxf4 20. Rxf4 Rfe8 21. Bf3 Nf6
22. Bf2 Be4 23. Bg3 Qd7 24. Bxe4 Nxe4 25. Rf3 Ng5 26. Rf2 Ne4 27. Rf3 Qe6 28.
Qe1 h6 29. Bf2 Qd7 30. Qe2 Re6 31. Rf1 Rg6 32. Be1 Rf8 33. Rf4 Qe7 34. Bh4 Qd7
35. Be1 Qe7 36. Rf5 Re6 37. b5 Qc7 38. a4 f6 39. a5 Ra8 40. R5f4 Qd7 41. bxc6
Qxc6 42. Rf5 Rd8 43. Qh5 Ng5 44. Qe2 Rde8 45. Bf2 Ne4 46. Qa2 Rd8 47. Rc1 Kf8
48. Be1 Ng5 49. h4 Ne4 50. Rb1 Re7 51. Qe2 Qe6 52. Qf3 Kg8 53. Qg4 Rc7 54. Rf4
Re8 55. Bg3 Nxg3 56. Qxg3 Qxe3+ 57. Kh2 Qxg3+ 58. Kxg3 Re3+ 59. Kg4 Ra3 60. Rb5
a6 61. Rb6 Rd7 62. c6 bxc6 63. Rxa6 Rc7 64. Rf3 Ra4 65. Rd3 c5 66. Kf3 cxd4 67.
Rb3 Rc3+ 68. Rxc3 dxc3 69. Ke3 Rxh4 70. Ra8+ Kh7 71. a6 c2 72. Kd2 Ra4 73. Kxc2
Kg6 74. a7 Kg5 75. Kd3 g6 76. Ke3 f5 77. Kf3 Ra3+ 78. Kf2 Kh5 79. Kg1 d4 80. Kf2
f4 81. Ke2 d3+ 82. Kd2 g5 83. Kd1 Ra2 84. Ke1 Kg4 85. Rd8 d2+ 86. Rxd2 Rxa7 87.
Rd3 Ra2 88. Kf1 h5 89. Kg1 Re2 90. Kh2 Re3 91. Rd4 h4 92. Kg1 Kg3 93. Kf1 f3 94.
gxf3 Rxf3+ 95. Kg1 h3 96. Rd2 h2+ 0-1

[Event "POLFINAL MISTRZOSTW POLSKI JUNIOROW 2016 - C13"]
[Site "Centrum Kongresow i Rekreacji Orle Gniazdo ul. Wrzosowa 28a, Szczyrk"]
[Date "1899-12-30"]
[Round "6.1"]
[White "Kujawa, Krzysztof"]
[Black "Strzelecki, Maciej"]
[Result "0-1"]
[WhiteTitle "II"]
[BlackTitle "I"]
[WhiteElo "1520"]
[BlackElo "1721"]

1. e4 c5 2. Nf3 d6 3. d4 cxd4 4. Nxd4 Nf6 5. Nc3 a6 6. Bc4 e6 7. Bb3 Be7 8. O-O
b5 9. Bg5 Qc7 10. Qf3 O-O 11. e5 dxe5 12. Nde2 Bb7 13. Qg3 b4 14. Bxf6 Bxf6 15.
Nd1 Nd7 16. Ne3 Nc5 17. f3 Nxb3 18. cxb3 Qb6 19. f4 exf4 20. Nxf4 Bd4 21. Rae1
Rad8 22. Kh1 Bxe3 23. Rxe3 Rd2 24. Rg1 Qc5 25. Qg4 Qxe3 26. Nh5 Qh6 0-1

[Event "POLFINAL MISTRZOSTW POLSKI JUNIOROW 2016 - C13"]
[Site "Centrum Kongresow i Rekreacji Orle Gniazdo ul. Wrzosowa 28a, Szczyrk"]
[Date "1899-12-30"]
[Round "6.2"]
[White "Bartoszewski-reiski, Olaf"]
[Black "Oborski, Artur"]
[Result "0-1"]
[WhiteTitle "II"]
[BlackTitle "II+"]
[WhiteElo "1512"]
[BlackElo "1718"]

1. e4 e6 2. Nf3 d5 3. Nc3 Nf6 4. e5 Nfd7 5. d4 c5 6. dxc5 Nc6 7. Bf4 Nxc5 8. a3
a5 9. Bd3 Be7 10. O-O Nxd3 11. cxd3 O-O 12. d4 Qb6 13. Qd2 Bd7 14. Rfd1 a4 15.
Qc2 Qb3 16. Rac1 Qxc2 17. Rxc2 Na5 18. Nd2 b5 19. Na2 Nc4 20. Nxc4 bxc4 21. Bd2
Rfc8 22. Bb4 Bxb4 23. Nxb4 f6 24. f4 fxe5 25. fxe5 Be8 26. Rf2 c3 27. Rc1 cxb2
28. Rb1 Rc1+ 29. Rf1 Rc3 30. Rxb2 Rxa3 31. Na6 Rb3 32. Rbf2 Bb5 33. Nc7 Bxf1 34.
Nxa8 Bc4 35. Rd2 a3 36. Kf2 Rb2 37. Ke1 Ra2 38. Rf2 0-1

[Event "POLFINAL MISTRZOSTW POLSKI JUNIOROW 2016 - C13"]
[Site "Centrum Kongresow i Rekreacji Orle Gniazdo ul. Wrzosowa 28a, Szczyrk"]
[Date "1899-12-30"]
[Round "6.3"]
[White "Kulesza, Andrzej"]
[Black "Wolaniecki, Patryk"]
[Result "1-0"]
[WhiteTitle "I"]
[BlackTitle "I"]
[WhiteElo "1667"]
[BlackElo "1653"]

1. e4 c5 2. Nf3 Nc6 3. d4 cxd4 4. Nxd4 Nf6 5. Nc3 e6 6. Bg5 Bb4 7. Nxc6 bxc6 8.
e5 Qa5 9. exf6 Qxg5 10. Qd4 Bxc3+ 11. Qxc3 Qxf6 12. Qxf6 gxf6 13. O-O-O a5 14.
Bd3 Ba6 15. Rhe1 Bxd3 16. Rxd3 Rg8 17. g3 f5 18. Rf3 Ke7 19. Rxf5 Rg6 20. Rf3
Rh6 21. h4 Rh5 22. Rd3 Rf5 23. Re2 Ra7 24. f3 Rb5 25. c3 a4 26. Rd4 a3 27. b3
Rxb3 28. axb3 a2 29. Rxa2 Rxa2 30. Rd2 Ra1+ 31. Kb2 Rg1 32. g4 Rg3 33. Rf2 Rh3
34. h5 f5 35. b4 Rh4 36. Rg2 Kf7 37. Kc2 Rh3 38. Rd2 Ke7 39. Rd3 Rg3 40. gxf5
exf5 41. c4 Rh3 42. Kc3 Rxh5 43. b5 cxb5 44. cxb5 Rh6 45. Kc4 Rf6 46. Kc5 h5 47.
b6 Kd8 48. Kb5 h4 49. Ka6 h3 50. Ka7 h2 51. Rd1 Rd6 52. b7 Rxd1 53. b8=Q+ Ke7
54. Qe5+ Kd8 55. Qxh2 Rd5 56. Kb6 Ke7 57. Qh7+ Ke6 58. f4 Kd6 59. Qf7 Rd4 60.
Qf6+ Kd5 61. Qxf5+ Kc4 62. Qc5+ Kd3 63. f5 d6 64. Qb5+ Ke4 65. f6 Rd2 66. Qc4+
Kf5 67. f7 Rb2+ 68. Kc7 1-0

[Event "POLFINAL MISTRZOSTW POLSKI JUNIOROW 2016 - C13"]
[Site "Centrum Kongresow i Rekreacji Orle Gniazdo ul. Wrzosowa 28a, Szczyrk"]
[Date "1899-12-30"]
[Round "6.4"]
[White "Zabron, Maksym"]
[Black "Markiewicz, Krzysztof"]
[Result "1/2-1/2"]
[WhiteTitle "II+"]
[BlackTitle "II"]
[WhiteElo "1532"]
[BlackElo "1430"]

1. Nf3 d5 2. d4 e6 3. c4 Nf6 4. Nc3 Be7 5. Bg5 O-O 6. e3 h6 7. Bh4 b6 8. cxd5 Nxd5
9. Bxe7 Qxe7 10. Nxd5 exd5 11. Be2 Bb7 12. O-O Nd7 13. Rc1 c5 14. Qa4 Rfc8 15.
Rc2 Rc7 16. Rfc1 c4 17. Rc3 a6 18. Qd1 b5 19. b3 b4 20. R3c2 c3 21. a3 a5 22.
a4 Rac8 23. Bd3 Re8 24. Re2 Nf6 25. Ne5 Ra8 26. Qe1 Ba6 27. Bxa6 Rxa6 28. f3 Nd7
29. Nxd7 Qxd7 30. Qf1 Re6 31. Qd1 Qe8 32. Qd3 Rce7 33. Kf2 g6 34. Rce1 f5 35.
h3 Kg7 36. Kf1 Kh7 37. h4 Kg7 38. Kf2 Kf7 39. h5 Rf6 40. hxg6+ Kxg6 41. Rh1 Kg7
42. Rh3 Rc7 43. Qc2 Kg8 44. Rg3+ Kh8 45. Kg1 Re7 46. Kf2 Kh7 47. Qd3 Kh8 48. Rh3
Kg7 49. Rh4 Qc8 50. Kg1 Qa6 51. Qxa6 Rxa6 52. Kf2 Rc6 53. Rc2 Rce6 54. Re2 c2
55. Rh1 Rc6 56. Rc1 Rec7 57. e4 fxe4 58. fxe4 dxe4 59. Ke3 Rc3+ 60. Kd2 Rd3+ 61.
Ke1 Rxd4 62. Rexc2 Rxc2 63. Rxc2 Rd3 64. Rc5 Rxb3 65. Rxa5 Ra3 66. Ra7+ Kf8 67.
a5 b3 68. Rb7 Rxa5 69. Rxb3 Kg7 70. Kf2 Rg5 71. Re3 Rg4 72. Rg3 Rxg3 73. Kxg3
Kg6 74. Kg4 e3 75. Kf3 Kf5 76. Kxe3 1/2-1/2

[Event "POLFINAL MISTRZOSTW POLSKI JUNIOROW 2016 - C13"]
[Site "Centrum Kongresow i Rekreacji Orle Gniazdo ul. Wrzosowa 28a, Szczyrk"]
[Date "1899-12-30"]
[Round "6.5"]
[White "Grochol, Kamil"]
[Black "Panek, Bartosz"]
[Result "1-0"]
[WhiteTitle "II+"]
[BlackTitle "II+"]
[WhiteElo "1655"]
[BlackElo "1460"]

1. d4 e6 2. Nf3 b6 3. g3 Bb7 4. Bg2 d5 5. O-O Nf6 6. c4 Be7 7. Nc3 O-O 8. cxd5
exd5 9. h3 Nbd7 10. Bg5 Re8 11. Rc1 Rc8 12. Re1 Nf8 13. e3 h6 14. Bxf6 Bxf6 15.
Re2 Ne6 16. Rd2 Re7 17. Qb3 c5 18. dxc5 Nxc5 19. Qd1 Bxc3 20. Rxc3 Ne4 21. Rxc8
Qxc8 22. Rc2 Rc7 23. Nd4 Qd7 24. Rxc7 Qxc7 25. Qc2 Qc4 26. Bxe4 Qxa2 27. Bd3 Ba6
28. Bxa6 Qxa6 29. Kg2 Qa2 30. b4 Qa3 31. Qb3 Qa1 32. b5 a5 33. bxa6 Qxa6 34. Qxd5
Qa7 35. Qc6 Kh7 36. Qe4+ Kh8 37. Qc6 Kh7 38. e4 Qa5 39. Qb5 Qa7 40. Nc2 Qb7 41.
Qd5 Qc7 42. Ne3 g6 43. e5 h5 44. Qd6 Qb7+ 45. Nd5 b5 46. Kh2 Qc8 47. Qb4 Qf5 48.
Qf4 Qe6 49. Nf6+ Kg7 50. g4 hxg4 51. Nxg4 Kf8 52. Qb4+ Qe7 53. Qxb5 Qg5 54. Qb4+
Kg7 55. Qe4 Qh5 56. Qf4 g5 57. Qf6+ Kf8 58. e6 Qh7 59. Qxf7+ Qxf7 60. exf7 Kxf7
61. Kg3 Kg6 62. h4 gxh4+ 63. Kxh4 Kf5 64. Kg3 Kg5 65. Nh2 Kf5 66. f4 Kf6 67. Kg4
Kg6 68. f5+ Kf6 69. Kf4 Kg7 70. Kg5 Kf7 71. f6 Kf8 72. Kf5 Kf7 73. Ke5 Kf8 74.
Ke6 Ke8 75. f7+ Kf8 76. Nf1 1-0

[Event "POLFINAL MISTRZOSTW POLSKI JUNIOROW 2016 - C13"]
[Site "Centrum Kongresow i Rekreacji Orle Gniazdo ul. Wrzosowa 28a, Szczyrk"]
[Date "1899-12-30"]
[Round "6.6"]
[White "Musiala, Jakub"]
[Black "Czarnomski, Dominik"]
[Result "1-0"]
[WhiteTitle "II+"]
[BlackTitle "II"]
[WhiteElo "1590"]
[BlackElo "1357"]

1. e4 e6 2. d4 d5 3. exd5 exd5 4. Bd3 c5 5. c3 c4 6. Bc2 Nf6 7. Ne2 Be7 8. O-O
O-O 9. Bf4 Nc6 10. Nd2 Be6 11. Ng3 Qd7 12. Nf3 a6 13. Re1 h6 14. Qd2 Bd6 15. Ne5
Qc7 16. Bxh6 Bxe5 17. dxe5 Nxe5 18. Rxe5 Qxe5 19. Bf4 Ne4 20. Nxe4 Qh5 21. Ng5
Rad8 22. h3 Rfe8 23. Re1 Bc8 24. Rxe8+ Rxe8 25. Qxd5 Be6 26. Qxb7 f6 27. Nxe6
Rxe6 28. Qc8+ Re8 29. Qxc4+ Kh8 30. Be3 1-0

[Event "POLFINAL MISTRZOSTW POLSKI JUNIOROW 2016 - C13"]
[Site "Centrum Kongresow i Rekreacji Orle Gniazdo ul. Wrzosowa 28a, Szczyrk"]
[Date "1899-12-30"]
[Round "6.7"]
[White "Jaszczuk, Mateusz"]
[Black "Distel, Pawel"]
[Result "0-1"]
[WhiteTitle "II"]
[BlackTitle "II"]
[WhiteElo "1382"]
[BlackElo "1471"]

1. c4 e5 2. e4 d6 3. Nc3 f5 4. d3 g6 5. f4 Bg7 6. Nf3 Nc6 7. g3 Nf6 8. Bg2 O-O
9. O-O h6 10. Nh4 exf4 11. Nxg6 Re8 12. Nxf4 Ng4 13. Nfe2 Nf6 14. Nd5 Nxd5 15.
cxd5 Nd4 16. Be3 Nxe2+ 17. Qxe2 b6 18. Qh5 Kh7 19. Bh3 Qf6 20. Rf2 Qg6 21. Qxg6+
Kxg6 22. Bxf5+ Bxf5 23. exf5+ Kf7 24. Bf4 Bd4 25. Bxh6 Re2 26. Raf1 Rxb2 27. Kg2
Rxf2+ 28. Rxf2 Bxf2 29. Kxf2 Rh8 30. Bg5 Rxh2+ 31. Kf3 Rxa2 32. Bd8 Rc2 33. g4
a5 34. g5 a4 35. g6+ Kg7 36. Kf4 a3 37. Kg5 Rg2+ 38. Kh5 Rxg6 39. fxg6 a2 0-1

[Event "POLFINAL MISTRZOSTW POLSKI JUNIOROW 2016 - C13"]
[Site "Centrum Kongresow i Rekreacji Orle Gniazdo ul. Wrzosowa 28a, Szczyrk"]
[Date "1899-12-30"]
[Round "6.8"]
[White "Bien, Hubert"]
[Black "Kania, Dominik"]
[Result "0-1"]
[WhiteTitle "II"]
[BlackTitle "II"]
[WhiteElo "1408"]
[BlackElo "1373"]

1. d4 Nf6 2. c4 d6 3. Nf3 g6 4. Nc3 Bg7 5. e4 O-O 6. Be2 c5 7. d5 e6 8. O-O exd5
9. exd5 Re8 10. Re1 Bg4 11. Bf4 Nh5 12. Bg5 Nf6 13. Qd2 Nbd7 14. Qf4 Bxf3 15.
Bxf3 Qb6 16. Rxe8+ Nxe8 17. Qd2 Ne5 18. Be2 Qb4 19. a3 Qb3 20. Ne4 Nxc4 21. Bxc4
Qxc4 22. Nc3 Qd4 23. Qe2 Nc7 24. Qf3 Re8 25. Bf4 Be5 26. Bh6 Qh4 27. Qh3 Qxh3
28. gxh3 Bxc3 29. bxc3 Nxd5 30. Rd1 Nxc3 31. Rxd6 Ne2+ 32. Kf1 Nd4 33. Rd7 Nf5
34. Bf4 c4 35. Rxb7 Rc8 36. Ke2 Nd4+ 37. Kd2 c3+ 38. Kd3 Ne6 39. Be3 c2 40. Rxa7
c1=Q 41. Bxc1 Rxc1 42. a4 Rh1 43. a5 Rxh2 44. Kc4 Rxf2 45. a6 Rf4+ 46. Kb5 Nd4+
47. Kc5 Ne6+ 48. Kb5 Kg7 49. Rb7 Rf5+ 50. Kb6 Rf1 51. a7 Rb1+ 52. Ka6 Nc5+ 53.
Ka5 Nxb7+ 54. Ka6 Ra1+ 55. Kxb7 Rxa7+ 0-1

[Event "POLFINAL MISTRZOSTW POLSKI JUNIOROW 2016 - C13"]
[Site "Centrum Kongresow i Rekreacji Orle Gniazdo ul. Wrzosowa 28a, Szczyrk"]
[Date "1899-12-30"]
[Round "6.9"]
[White "Kalkowski, Igor"]
[Black "Wangrat, Jan"]
[Result "0-1"]
[WhiteTitle "II"]
[BlackTitle "II"]
[WhiteElo "1348"]
[BlackElo "1373"]

1. d4 f5 2. e4 fxe4 3. Nc3 Nf6 4. Bg5 Nc6 5. d5 Ne5 6. Qe2 Nf7 7. Bxf6 exf6 8.
Nxe4 Be7 9. d6 cxd6 10. O-O-O O-O 11. Qg4 g6 12. Qg3 f5 13. Nc3 Bf6 14. Nd5 Bg7
15. Bc4 a6 16. h4 b5 17. Bb3 Bb7 18. f4 Rc8 19. h5 Bxd5 20. Bxd5 Qf6 21. Qb3 Rc5
22. Nf3 Rfc8 23. Rd2 Kf8 24. hxg6 hxg6 25. Re1 a5 26. Kb1 b4 27. g3 Rb5 28. a4
Rbc5 29. Ree2 R8c7 30. Bxf7 Qxf7 31. Qxf7+ Kxf7 32. Rxd6 Bf6 33. Nd4 Bxd4 34.
Rxd4 R5c6 35. Rd5 Ra6 36. Red2 Ke7 37. R2d3 Rac6 38. Rd2 Rc4 39. Rd6 R4c6 40.
R6d5 Rc5 41. Re2+ Kf7 42. Red2 Ke6 43. Rd6+ Kf7 44. Rxd7+ Rxd7 45. Rxd7+ Ke6 46.
Rd3 Rd5 47. Kc1 Rc5 48. Kd2 Rc8 49. b3 Rh8 50. Re3+ Kd5 51. Re5+ Kd4 52. Rxa5
Rh2+ 53. Kd1 Ke3 54. Kc1 Rh1+ 55. Kb2 Rg1 56. Re5+ Kd4 57. a5 Rxg3 58. a6 Rh3
59. Rb5 Rh7 60. Rxb4+ Kc5 61. Rb7 Rh8 62. Rg7 Ra8 63. Rxg6 Kd4 64. Re6 Ra7 65.
c3+ Kd3 66. c4 Kd4 67. Re5 Rxa6 68. Rxf5 Rh6 69. Ka3 Kc3 70. Rg5 Ra6+ 0-1

[Event "POLFINAL MISTRZOSTW POLSKI JUNIOROW 2016 - C13"]
[Site "Centrum Kongresow i Rekreacji Orle Gniazdo ul. Wrzosowa 28a, Szczyrk"]
[Date "1899-12-30"]
[Round "6.10"]
[White "Trybus, Daniel"]
[Black "Olsztynski, Jan"]
[Result "1-0"]
[WhiteTitle "II+"]
[BlackTitle "III"]
[WhiteElo "1495"]
[BlackElo "1122"]

1. d4 d5 2. Nc3 c6 3. e4 e6 4. Bd3 c5 5. dxc5 Bxc5 6. exd5 exd5 7. Nxd5 Bxf2+ 8.
Kxf2 Qxd5 9. Nf3 Nf6 10. Re1+ Be6 11. Bg5 Nbd7 12. Qe2 O-O 13. h3 h6 14. Bd2 Rfe8
15. c4 Qd6 16. Be3 Nc5 17. Bb1 Nce4+ 18. Kg1 Ng3 19. Qc2 Bf5 20. Qb3 Nge4 21.
Nh4 Qg3 22. Bxe4 Bxe4 23. Bf2 Qxb3 24. axb3 Red8 25. Rxa7 Rxa7 26. Bxa7 Rd2 27.
Bc5 Rxb2 28. Bd4 Rb1 29. Rxb1 Bxb1 30. Bxf6 gxf6 31. b4 Ba2 32. c5 Bc4 33. Nf5
Kh7 34. Kf2 Kg6 35. Nd6 Bd5 36. g4 h5 37. Ke3 hxg4 38. hxg4 Kg5 39. Kd4 Bf3 40.
b5 Kxg4 41. Nxb7 Bxb7 42. c6 Ba8 43. Kc5 f5 44. b6 Bxc6 45. Kxc6 f4 46. b7 f3
47. b8=Q f2 48. Qg8+ Kf3 49. Qxf7+ Kg2 50. Qg6+ Kf3 51. Qf5+ Kg3 52. Kd5 Kg2 53.
Qg4+ Kh2 54. Qe2 Kg1 55. Qe3 Kg2 56. Qg5+ Kf3 57. Qh5+ Kg2 58. Qg4+ Kh2 59. Qf3
Kg1 60. Qg3+ Kf1 61. Ke4 Ke2 62. Qe3+ Kf1 63. Kf3 Kg1 64. Qxf2+ Kh1 65. Qg2# 1-0

[Event "POLFINAL MISTRZOSTW POLSKI JUNIOROW 2016 - C13"]
[Site "Centrum Kongresow i Rekreacji Orle Gniazdo ul. Wrzosowa 28a, Szczyrk"]
[Date "1899-12-30"]
[Round "6.11"]
[White "Smolen, Sebastian"]
[Black "Skowron, Mateusz"]
[Result "1/2-1/2"]
[WhiteTitle "II"]
[BlackTitle "I"]
[WhiteElo "1292"]
[BlackElo "1565"]

1. e4 c6 2. d4 d5 3. exd5 cxd5 4. c4 Nc6 5. Nf3 Bg4 6. cxd5 Qxd5 7. Be2 e6 8. O-O
Nf6 9. Nc3 Qd7 10. Be3 Be7 11. Rc1 O-O 12. Ne5 Nxe5 13. dxe5 Bxe2 14. Qxe2 Nd5
15. Ne4 Nxe3 16. Qxe3 Rfd8 17. f4 b6 18. Rfd1 Qb7 19. Nd6 Bxd6 20. exd6 Rac8 21.
Qd3 g6 22. Qa3 Rd7 23. Kf2 Qb8 24. Rxc8+ Qxc8 25. Qe3 Qb7 26. Kg3 h6 27. Kh3 Kh7
28. g3 Kg8 29. Qe5 Qc6 30. Qc3 Rxd6 31. Qxc6 Rxc6 32. Rd7 a5 33. Rb7 Kg7 34. Kg4
Kf6 35. Kf3 g5 36. h3 Rd6 37. Ke4 Rc6 38. Kf3 Kg6 39. a3 f5 40. Rb8 gxf4 41. Kxf4
Kf6 42. Rf8+ Kg7 43. Rb8 Kf6 44. Rf8+ Ke7 45. Rh8 Kf7 46. Rb8 1/2-1/2

[Event "POLFINAL MISTRZOSTW POLSKI JUNIOROW 2016 - C13"]
[Site "Centrum Kongresow i Rekreacji Orle Gniazdo ul. Wrzosowa 28a, Szczyrk"]
[Date "1899-12-30"]
[Round "7.1"]
[White "Oborski, Artur"]
[Black "Kujawa, Krzysztof"]
[Result "1/2-1/2"]
[WhiteTitle "II+"]
[BlackTitle "II"]
[WhiteElo "1718"]
[BlackElo "1520"]

1. d4 Nf6 2. Nf3 e6 3. c4 c5 4. d5 exd5 5. cxd5 d6 6. Nc3 g6 7. e4 Bg7 8. Be2 O-O
9. O-O a6 10. a4 Re8 11. Nd2 Nbd7 12. Qc2 Qc7 13. Nc4 Ne5 14. Nxe5 Rxe5 15. Bd2
Bd7 16. Rfe1 Rae8 17. Bf1 Nh5 18. Be2 Nf6 19. Bf1 Nh5 20. Be2 Nf6 21. Bf1 Nh5
1/2-1/2

[Event "POLFINAL MISTRZOSTW POLSKI JUNIOROW 2016 - C13"]
[Site "Centrum Kongresow i Rekreacji Orle Gniazdo ul. Wrzosowa 28a, Szczyrk"]
[Date "1899-12-30"]
[Round "7.2"]
[White "Strzelecki, Maciej"]
[Black "Musiala, Jakub"]
[Result "1-0"]
[WhiteTitle "I"]
[BlackTitle "II+"]
[WhiteElo "1721"]
[BlackElo "1590"]

1. e4 d6 2. d4 Nf6 3. Nc3 e5 4. Bc4 Nbd7 5. Nf3 Be7 6. O-O O-O 7. a4 h6 8. h3 c6
9. Re1 Qc7 10. Ba2 Re8 11. Be3 b6 12. d5 Bb7 13. b4 cxd5 14. Nxd5 Nxd5 15. exd5
Bf6 16. Nd2 e4 17. Rb1 Bc3 18. Rf1 Nf6 19. b5 Bxd5 20. Bxd5 Nxd5 21. Nb3 Nxe3
22. fxe3 Rad8 23. Qg4 Qc4 24. Qh5 Bf6 25. Rf2 Qxa4 26. Rbf1 Qc4 27. Rxf6 gxf6
28. Qxh6 Re5 29. Rf4 Rde8 30. Rh4 R5e7 1-0